00417nam a2200133 a 4500008004100000050001700041100001600058245009600074260005800170300001300228350000900241650000900250650002400259101101s1997 ||||||||||||||||| || | aCBU-SB(05)JB aLungu, John10aPrivatising property rights: the structural adjustment programmes and land policy in Zambia aKitwebCopperbelt University School of Businessc1997 a75-93pp. a0.00 aLAND aLAND POLICY--ZAMBIA